[Event "Online Olym Div4 B 2020"]
[Site "chess.com INT"]
[Date "2020.08.01"]
[Round "6.4"]
[Board "4"]
[White "Mazkevich, Elena"]
[Black "Uwamahoro, Christelle"]
[Result "1-0"]
[BlackTitle "WCM"]
[WhiteElo "1686"]
[BlackElo "1209"]
[WhiteTeam "Malta"]
[BlackTeam "Rwanda"]
[WhiteFideId "5603315"]
[BlackFideId "16000722"]
[EventDate "2020.07.31"]
[EventType "team"]

1. d4 d5 2. c4 Nf6 3. Nc3 Be6 4. cxd5 Nxd5 5. e4 Nxc3 6. bxc3 h5 7. h3 f5 8. e5
g6 9. Nf3 Bg7 10. Bg5 Qd5 11. Bd3 Qc6 12. Qd2 Nd7 13. O-O b6 14. Rfc1 Bc4 15.
Bc2 Bd5 16. Nh4 Qe6 17. Bd3 c5 18. c4 Bb7 19. d5 Qxe5 20. Nxg6 Qb8 21. Qe3 e5
22. Nxh8 Bxh8 23. Bxf5 Ba6 24. Bg6+ Kf8 25. Qf3+ Kg7 26. Qf7# 1-0

[Event "Online Olym Div4 B 2020"]
[Site "chess.com INT"]
[Date "2020.08.01"]
[Round "6.4"]
[Board "5"]
[White "Murara Urwintwari, Ian"]
[Black "Mizzi, Jack"]
[Result "0-1"]
[WhiteElo "1680"]
[BlackElo "1911"]
[WhiteTeam "Rwanda"]
[BlackTeam "Malta"]
[WhiteFideId "16000145"]
[BlackFideId "5602521"]
[EventDate "2020.07.31"]
[EventType "team"]

1. c4 e6 2. Nc3 Nf6 3. g3 d5 4. cxd5 exd5 5. d4 Bb4 6. Bg2 O-O 7. Nf3 c6 8. O-O
Re8 9. Ne5 Bf5 10. e3 Nbd7 11. Nd3 Bxc3 12. bxc3 Ne4 13. Bb2 Qf6 14. f3 Nd6 15.
Qe2 Bxd3 16. Qxd3 Nc4 17. Bc1 Qe6 18. e4 Qg6 19. f4 Nd6 20. f5 dxe4 21. Bxe4 Qg4
22. Rf4 Qg5 23. Bg2 Qf6 24. Bd2 Rad8 25. Raf1 c5 26. Rg4 h6 27. Bf4 cxd4 28.
cxd4 b6 29. Bc6 Nxf5 30. Bc7 Qxc6 31. Qxf5 Qe6 32. Qxe6 fxe6 33. Bxd8 Rxd8 34.
Re1 Re8 35. Rge4 Kf7 36. d5 e5 37. Rc1 Nc5 38. Re2 e4 39. Rd1 Rd8 40. Kg2 Kf6
41. a4 Ke5 42. a5 Rxd5 43. Rxd5+ Kxd5 44. axb6 axb6 45. Rb2 Kc6 46. Rf2 Kd5 47.
Rf7 b5 48. Rxg7 b4 49. Rg6 b3 50. Rxh6 Nd7 51. Rh5+ Kc6 52. Rh6+ Kb7 53. Rd6 Nc5
54. Rd1 Kc6 55. h4 Nd3 56. g4 b2 57. h5 Nc1 58. h6 b1=Q 59. Rh1 Qc2+ 60. Kg3
Ne2+ 61. Kh4 Nf4 62. h7 e3 63. Kg5 Ng6 64. Rh6 Kd7 65. Rxg6 Qc3 66. Rg8 Qe5+ 67.
Kh4 Qh2+ 68. Kg5 Qxh7 69. Rg6 e2 0-1

[Event "Online Olym Div4 B 2020"]
[Site "chess.com INT"]
[Date "2020.08.01"]
[Round "6.5"]
[Board "1"]
[White "Nezad, Husein Aziz"]
[Black "Wanyama, Harold"]
[Result "1-0"]
[WhiteTitle "IM"]
[BlackTitle "FM"]
[WhiteElo "2386"]
[BlackElo "2312"]
[WhiteTeam "Qatar"]
[BlackTeam "Uganda"]
[WhiteFideId "12100293"]
[BlackFideId "10000380"]
[EventDate "2020.07.31"]
[EventType "team"]

1. e4 c5 2. Nf3 e6 3. c3 Nf6 4. e5 Nd5 5. Bc4 d6 6. d4 cxd4 7. cxd4 Nc6 8. Qe2
Be7 9. O-O O-O 10. Rd1 Re8 11. Bxd5 exd5 12. Nc3 Be6 13. Bf4 Rc8 14. h3 dxe5 15.
dxe5 Qa5 16. Nb5 a6 17. Nbd4 Nxd4 18. Nxd4 Bc5 19. Bd2 Qb6 20. Bc3 Bb4 21. Bxb4
Qxb4 22. f4 Rc4 23. Qf2 Bd7 24. Rd2 Qb6 25. Re1 f6 26. b3 Rcc8 27. Rde2 fxe5 28.
Rxe5 Rxe5 29. Rxe5 Rc1+ 30. Kh2 Rd1 31. Rxd5 Be6 32. Re5 Bf7 33. Qe2 Bh5 34.
Re8+ 1-0

[Event "Online Olym Div4 B 2020"]
[Site "chess.com INT"]
[Date "2020.08.01"]
[Round "6.5"]
[Board "3"]
[White "Al-Khelaifi, Kholoud"]
[Black "Ampaire, Shakira"]
[Result "0-1"]
[WhiteTitle "WCM"]
[BlackTitle "WCM"]
[WhiteElo "1507"]
[BlackElo "1673"]
[WhiteTeam "Qatar"]
[BlackTeam "Uganda"]
[WhiteFideId "12100145"]
[BlackFideId "10002782"]
[EventDate "2020.07.31"]
[EventType "team"]

1. d4 d5 2. e3 Nf6 3. f4 g6 4. Nf3 Bg7 5. Bd3 Nc6 6. O-O O-O 7. Nbd2 a6 8. Ne5
Nxe5 9. fxe5 Nd7 10. Nf3 c5 11. c3 c4 12. Bc2 Nb6 13. Bd2 Qc7 14. Qe2 f6 15.
exf6 exf6 16. Rae1 Bg4 17. Qf2 Bxf3 18. Qxf3 f5 19. a4 a5 20. Qf4 Qd7 21. Qf3
Rad8 22. Re2 Nxa4 23. Bxa4 Qxa4 24. Be1 b5 25. Bh4 Bf6 26. Bxf6 Rxf6 27. Qf4 b4
28. Qc7 Rff8 29. Ree1 bxc3 30. bxc3 Qc2 31. Qxa5 Qe4 32. Rf2 Ra8 33. Qc7 Ra3 34.
Rf4 Qe6 35. g4 Rxc3 36. gxf5 Rxf5 37. Qd8+ Kg7 38. Qc7+ Rf7 39. Qe5+ Qxe5 40.
dxe5 Rxf4 41. exf4 Kf7 42. Kg2 Ke6 43. Rd1 h5 44. Rb1 Kf5 45. Rb6 Kxf4 46. e6
Re3 47. Rd6 Ke5 48. Rd7 Kxe6 49. Rg7 Kf6 50. Rd7 Re5 51. h3 h4 52. Rd8 c3 53.
Rc8 d4 54. Rc6+ Kf5 55. Rd6 c2 56. Rc6 d3 57. Rc3 Ke4 58. Kh2 Ke3 59. Kg2 Rf5
60. Kg1 Ke2 61. Kg2 Kd2 62. Rc7 c1=Q 63. Rxc1 Kxc1 64. Kg1 d2 65. Kg2 d1=R 66.
Kh2 Rf2# 0-1

[Event "Online Olym Div4 B 2020"]
[Site "chess.com INT"]
[Date "2020.08.01"]
[Round "6.5"]
[Board "4"]
[White "Nakabo, Peninah"]
[Black "Sara Hassan AlMohannadi"]
[Result "1-0"]
[WhiteElo "1730"]
[BlackElo "1072"]
[WhiteTeam "Uganda"]
[BlackTeam "Qatar"]
[WhiteFideId "10004556"]
[BlackFideId "12102199"]
[EventDate "2020.07.31"]
[EventType "team"]

1. e4 d5 2. exd5 Qxd5 3. Nc3 Qd6 4. Nf3 g6 5. d4 Bg7 6. Be3 Nf6 7. Bd3 O-O 8. h3
Re8 9. Qd2 Nc6 10. O-O e5 11. dxe5 Nxe5 12. Nxe5 Qxe5 13. Rfe1 Qd6 14. Nb5 Qd7
15. Bf4 c6 16. Nc7 Rxe1+ 17. Rxe1 Rb8 18. Qe2 b5 19. Ne8 Qe6 20. Qxe6 Bxe6 21.
Nxf6+ Bxf6 22. Bxb8 a6 23. b3 h5 24. Be4 c5 25. Ba7 c4 26. Bb7 cxb3 27. axb3 a5
28. Bc6 b4 29. Bb6 Bf5 30. Be4 Bxe4 31. Rxe4 Bc3 32. Bxa5 f5 33. Rc4 Kg7 34.
Bxb4 Bxb4 35. Rxb4 Kf6 36. Rd4 Ke5 37. c3 h4 38. b4 f4 39. b5 g5 40. b6 f3 41.
b7 fxg2 42. b8=Q+ Kf5 43. Qf8+ Kg6 44. Rd6+ Kh7 45. Rh6# 1-0

[Event "Online Olym Div4 B 2020"]
[Site "chess.com INT"]
[Date "2020.08.01"]
[Round "6.5"]
[Board "5"]
[White "Abdulla Mohammed Al-Homaid"]
[Black "Ssenkoole Laurrice Talemwa"]
[Result "1-0"]
[WhiteElo "1301"]
[BlackElo "1480"]
[WhiteTeam "Qatar"]
[BlackTeam "Uganda"]
[WhiteFideId "12102016"]
[BlackFideId "10010122"]
[EventDate "2020.07.31"]
[EventType "team"]

1. e4 c6 2. d4 d5 3. Nc3 dxe4 4. Nxe4 Bf5 5. Ng3 Bg6 6. h4 h6 7. Nf3 Nf6 8. h5
Bh7 9. Bd3 Bxd3 10. Qxd3 e6 11. Ne5 Nbd7 12. Bf4 Nxe5 13. Bxe5 Bd6 14. O-O-O
Bxe5 15. dxe5 Qxd3 16. Rxd3 Ng4 17. Rd4 Nxe5 18. Rhd1 c5 19. R4d2 O-O 20. Ne4
Rab8 21. Nxc5 Rfc8 22. Nd7 Nc4 23. Rd4 Ra8 24. c3 Rc7 25. b3 Na3 26. c4 b5 27.
Kb2 b4 28. Rd6 a5 29. Rb6 Rac8 30. Ra6 1-0

[Event "Online Olym Div4 B 2020"]
[Site "chess.com INT"]
[Date "2020.08.01"]
[Round "6.5"]
[Board "6"]
[White "Nansubuga, Gloria"]
[Black "Layan Mansour AlQassabi"]
[Result "1-0"]
[WhiteTitle "WFM"]
[WhiteElo "1513"]
[BlackElo "1167"]
[WhiteTeam "Uganda"]
[BlackTeam "Qatar"]
[WhiteFideId "10000887"]
[BlackFideId "12102059"]
[EventDate "2020.07.31"]
[EventType "team"]

1. e4 e5 2. Nf3 Nc6 3. Bc4 Bc5 4. Nc3 Nf6 5. d3 h6 6. h3 O-O 7. O-O d6 8. Re1
Na5 9. Bd5 c6 10. Bb3 Nxb3 11. axb3 Re8 12. Be3 Bb4 13. Re2 a6 14. Nh2 Be6 15.
f4 Ba5 16. fxe5 dxe5 17. Rf2 Bc7 18. Qf3 Nh7 19. Qg3 Kh8 20. Raf1 Qe7 21. Ng4
Rg8 22. Nxe5 Raf8 23. Rxf7 Bxf7 24. d4 Bxe5 25. dxe5 Qb4 26. Qg4 Qc5 27. Bxc5
Ng5 28. Bxf8 Rxf8 29. h4 Nh7 30. e6 Bg8 31. Rxf8 Nxf8 32. e7 Nh7 33. e8=N g5 34.
Qf5 gxh4 35. Qe5+ Nf6 36. Qxf6+ Kh7 37. Qg7# 1-0

[Event "Online Olym Div4 B 2020"]
[Site "chess.com INT"]
[Date "2020.08.02"]
[Round "7.1"]
[Board "1"]
[White "Wanyama, Harold"]
[Black "Beukes, Dante M"]
[Result "0-1"]
[WhiteTitle "FM"]
[BlackTitle "IM"]
[WhiteElo "2312"]
[BlackElo "2206"]
[WhiteTeam "Uganda"]
[BlackTeam "Namibia"]
[WhiteFideId "10000380"]
[BlackFideId "15200540"]
[EventDate "2020.07.31"]
[EventType "team"]

1. d4 Nf6 2. c4 g6 3. Nf3 Bg7 4. Nc3 O-O 5. g3 d6 6. Bg2 Nc6 7. d5 Na5 8. Nd2 c5
9. dxc6 Nxc6 10. O-O Bg4 11. h3 Be6 12. Nd5 Rc8 13. Rb1 a5 14. b3 Bxd5 15. cxd5
Nb4 16. Nc4 b5 17. Nxa5 Qxa5 18. Bd2 Qa3 19. e4 Nd7 20. Qe2 Qxa2 21. Qxb5 Qxd2
22. Qxd7 Bf6 23. h4 Rc2 24. Rbd1 Qc3 25. h5 Nd3 26. Qg4 Ne5 27. Qf4 Nd3 28. Qe3
Nb2 29. Qxc3 Rxc3 30. Rd2 Rxb3 31. Rb1 Rfb8 32. Rc2 Kg7 33. hxg6 hxg6 34. Bf1
Na4 35. Rxb3 Rxb3 36. Kg2 Nc5 37. f3 Rb2 38. Rxb2 Bxb2 39. Kf2 Kf6 40. Ke3 g5
41. f4 Bc1+ 42. Kf3 Nb3 43. Bd3 Nc5 44. Bc2 e6 45. dxe6 fxe6 46. Kg4 gxf4 47.
gxf4 e5 48. f5 Nd7 49. Bb1 Nb8 50. Bc2 Nc6 51. Bd3 Nb4 52. Bc4 Bd2 53. Bb3 Nd3
54. Bc2 Nf4 55. Bb3 Nd3 56. Bc2 Nc5 57. Bb1 Ba5 58. Bc2 Bd8 59. Bb1 Nb3 60. Bc2
Nd4 61. Bd3 Be7 62. Bc4 Kg7 63. Kh5 Nf3 64. Be2 Ng5 65. Bd3 Nh7 66. Kg4 Nf6+ 67.
Kf3 Kh6 68. Bc2 Kg5 69. Bd3 Nd7 70. Bc2 Nc5 71. Bb1 Kh4 72. Bc2 Bg5 73. Bb1 Nb3
74. Bc2 Nd4+ 0-1

[Event "Online Olym Div4 B 2020"]
[Site "chess.com INT"]
[Date "2020.08.02"]
[Round "7.1"]
[Board "2"]
[White "Shidolo, Simon Hatwiikulipi"]
[Black "Kimera, Innocent"]
[Result "1-0"]
[WhiteElo "1874"]
[BlackElo "1857"]
[WhiteTeam "Namibia"]
[BlackTeam "Uganda"]
[WhiteFideId "15200442"]
[BlackFideId "10000631"]
[EventDate "2020.07.31"]
[EventType "team"]

1. d4 d5 2. e3 Nf6 3. Bd3 e6 4. Nd2 a6 5. c3 c5 6. f4 Nc6 7. Ngf3 c4 8. Bc2 b5
9. O-O Bb7 10. Ne5 Bd6 11. Qe1 O-O 12. Qh4 g6 13. Ndf3 Kg7 14. g4 Bxe5 15. fxe5
Ng8 16. Qg3 Nce7 17. Bd2 h6 18. Rf2 g5 19. h4 Ng6 20. hxg5 hxg5 21. Rh2 Nh6 22.
e4 f6 23. exf6+ Qxf6 24. Nxg5 Nf4 25. Bxf4 Nf7 26. Be5 Nxe5 27. Qxe5 Qxe5 28.
dxe5 Rh8 29. Nxe6+ Kf7 30. Ng5+ Kg6 31. Ne6 Rxh2 32. Kxh2 dxe4 33. Nc5 Rh8+ 34.
Kg3 Bd5 35. Nxe4 Bxe4 36. Bxe4+ Kg7 37. Rf1 Re8 38. Kf4 Rf8+ 39. Bf5 Rd8 40. Rf2
a5 41. e6 Kf6 42. g5+ Ke7 43. Ke5 b4 44. g6 bxc3 45. bxc3 Rb8 46. g7 Rg8 47. Rg2
a4 48. Bh7 Rb8 49. g8=Q Rxg8 50. Rxg8 a3 51. Rg7+ Kf8 52. Kf6 1-0

[Event "Online Olym Div4 B 2020"]
[Site "chess.com INT"]
[Date "2020.08.02"]
[Round "7.1"]
[Board "3"]
[White "Ampaire, Shakira"]
[Black "Mentile, Lishen"]
[Result "0-1"]
[WhiteTitle "WCM"]
[BlackTitle "WCM"]
[WhiteElo "1673"]
[BlackElo "1513"]
[WhiteTeam "Uganda"]
[BlackTeam "Namibia"]
[WhiteFideId "10002782"]
[BlackFideId "15200477"]
[EventDate "2020.07.31"]
[EventType "team"]

1. e4 d5 2. exd5 Qxd5 3. Nf3 Nf6 4. Nc3 Qd8 5. d4 Bf5 6. Bb5+ c6 7. Bc4 e6 8.
O-O Nbd7 9. Bf4 Be7 10. h3 O-O 11. Nh4 Bg6 12. Nxg6 hxg6 13. Re1 Nb6 14. Bb3 Qd7
15. Qd2 Rad8 16. Rad1 Nfd5 17. Nxd5 Nxd5 18. Be5 Bf6 19. Re2 Bxe5 20. dxe5 Qe7
21. c3 Rd7 22. Qd4 Rfd8 23. Qg4 Nxc3 24. Rxd7 Nxe2+ 25. Qxe2 Qxd7 26. Qe3 b6 27.
Kh2 Qd2 28. Qf3 Qxb2 29. Qxc6 Qxe5+ 30. g3 Qc5 31. Qf3 Qe5 32. Qb7 Qb8 33. Qf3
Rd2 34. Qe3 Qd6 35. Kg2 Rd3 36. Qc1 Qc5 37. Qe1 Qc6+ 38. Kf1 Rc3 39. Qd2 Qh1+
40. Ke2 Qf3+ 41. Kf1 Rd3 42. Qc2 Qh1+ 43. Ke2 Qf3+ 44. Ke1 Rc3 45. Qd2 Rc8 46.
h4 Rc5 47. Qd8+ Kh7 48. Qd4 Qf6 49. Qe3 Re5 50. Kd2 Rxe3 51. Kxe3 Qe5+ 52. Kf3
Kh6 53. Kg2 f5 54. Kf3 g5 55. hxg5+ Kxg5 56. Kg2 g6 57. f4+ Qxf4 58. gxf4+ Kxf4
59. Bxe6 g5 60. Kf2 g4 61. Bd7 Ke4 62. Kg3 Ke5 63. a4 a5 64. Bc8 Ke4 65. Bb7+
Ke5 66. Ba6 Ke4 67. Bb5 Ke5 68. Bd7 Ke4 69. Kf2 Kf4 70. Bc6 Ke5 71. Ke3 f4+ 72.
Kd3 g3 73. Bf3 Kd6 74. Ke4 Kc5 75. Kxf4 Kb4 76. Bc6 g2 77. Bxg2 Kxa4 78. Ke3 b5
79. Kd3 Kb3 80. Bd5+ Kb2 81. Kd2 a4 82. Kd3 a3 83. Kd4 b4 84. Kc5 b3 85. Kb4 a2
86. Bxb3 a1=Q 87. Bd5 Qe1+ 88. Kc5 Kc3 89. Kd6 Kd4 90. Be6 Qe5+ 91. Kd7 Kc5 92.
Bf7 Qd6+ 93. Ke8 Kc6 94. Bg8 Qd7+ 95. Kf8 Kd6 96. Bf7 Ke5 97. Kg7 Qf5 98. Bg6
Qf6+ 99. Kh6 Kf4 100. Kh7 Kg5 101. Bc2 Qh6+ 102. Kg8 Qe6+ 103. Kf8 Qc8+ 104. Ke7
Qxc2 105. Kd6 Kf5 106. Kd7 Kf6 107. Kd6 Qc4 108. Kd7 Qd5+ 109. Kc7 Ke6 110. Kb8
Kd7 111. Ka7 Kc7 112. Ka6 Kc6 113. Ka7 Qb5 114. Ka8 Qb7# 0-1

[Event "Online Olym Div4 B 2020"]
[Site "chess.com INT"]
[Date "2020.08.02"]
[Round "7.1"]
[Board "4"]
[White "Tsuses, Patience"]
[Black "Nakabo, Peninah"]
[Result "0-1"]
[WhiteElo "1031"]
[BlackElo "1730"]
[WhiteTeam "Namibia"]
[BlackTeam "Uganda"]
[WhiteFideId "15200876"]
[BlackFideId "10004556"]
[EventDate "2020.07.31"]
[EventType "team"]

1. e4 c6 2. d4 d5 3. exd5 cxd5 4. Nc3 Nf6 5. Nf3 g6 6. h3 Bg7 7. Be3 O-O 8. Bd3
Nc6 9. O-O a6 10. a4 Qb6 11. b3 Bd7 12. Ne5 Rac8 13. Nxd7 Nxd7 14. Nxd5 Qa5 15.
Bc4 e6 16. Nf4 Nb6 17. Bd2 Qf5 18. Bd3 Qf6 19. c3 e5 20. dxe5 Nxe5 21. Be4 Rc7
22. Rb1 Rd7 23. Qc1 Rc8 24. Be3 Na8 25. c4 Qe7 26. Nd5 Qe8 27. Re1 Nxc4 28. bxc4
Qxe4 29. Nb6 Nxb6 30. Bxb6 Qxc4 31. Qxc4 Rxc4 32. Re8+ Bf8 33. a5 Re7 34. Rb8
Rce4 35. Bc5 Re8 36. Rxe8 Rxe8 37. Bxf8 Kxf8 38. Rxb7 Re5 39. Rb8+ Kg7 40. Ra8
Rxa5 41. Kf1 Ra2 42. g3 a5 43. Kg2 a4 44. Kf3 a3 45. Ke3 h6 46. f4 Ra1 47. Kf2
a2 48. Ke2 Kf6 49. Kf2 Rh1 50. Rxa2 Rh2+ 51. Kf3 Rxa2 52. g4 Ke6 53. h4 Ra3+ 54.
Ke4 f5+ 55. gxf5+ gxf5+ 56. Kd4 Rh3 57. h5 Rxh5 58. Ke3 Rh3+ 59. Kf2 h5 60. Kg2
Ra3 61. Kf2 Kd5 62. Kg2 Ke4 63. Kf2 Kxf4 64. Kg2 Rb3 65. Kf2 Rb2+ 66. Ke1 Kf3
67. Kd1 Ke3 68. Kc1 Rh2 69. Kb1 Kd3 70. Kc1 f4 71. Kb1 Kc3 72. Ka1 Kb3 73. Kb1
Rh1# 0-1

[Event "Online Olym Div4 B 2020"]
[Site "chess.com INT"]
[Date "2020.08.02"]
[Round "7.1"]
[Board "5"]
[White "Nyola Wasswa Mark"]
[Black "Ndahangwapo, Heskiel"]
[Result "1-0"]
[WhiteElo "1680"]
[BlackElo "1883"]
[WhiteTeam "Uganda"]
[BlackTeam "Namibia"]
[WhiteFideId "10007660"]
[BlackFideId "15202020"]
[EventDate "2020.07.31"]
[EventType "team"]

1. e4 c5 2. Nf3 d6 3. d3 Bg4 4. g3 Nc6 5. Bg2 Qd7 6. h3 Bh5 7. a4 Nf6 8. Nbd2 h6
9. Nc4 Bxf3 10. Qxf3 e5 11. c3 Be7 12. h4 Nd8 13. Bh3 Qc6 14. Ne3 Ne6 15. O-O
O-O 16. Nf5 Qc7 17. g4 Nh7 18. Be3 Qd8 19. Qg3 Kh8 20. f4 g6 21. Nxe7 Qxe7 22.
fxe5 dxe5 23. Bxh6 Nf4 24. Bxf4 exf4 25. Rxf4 g5 26. Rf5 f6 27. Qe3 b6 28. Raf1
Rae8 29. h5 Rf7 30. Qf2 Qd6 31. Qf3 Re6 32. Rd5 Qc7 33. Bg2 Nf8 34. Rxg5 Re5 35.
Rxe5 Qxe5 36. Qf4 Qxf4 37. Rxf4 Ne6 38. Rf5 Kg7 39. e5 fxe5 40. Rxf7+ Kxf7 41.
Bd5 Kf6 42. Bxe6 Kxe6 43. Kf2 a6 44. Ke3 b5 45. axb5 axb5 46. Ke4 b4 47. cxb4
cxb4 48. d4 exd4 49. Kxd4 Kf6 50. Kc4 Kg5 51. Kxb4 Kh6 52. Kc5 Kg5 53. b4 Kxg4
54. h6 Kg5 55. h7 Kf5 56. h8=R Ke4 57. b5 Ke3 58. b6 Kd2 59. b7 Ke1 60. b8=Q Ke2
61. Rd8 1-0

[Event "Online Olym Div4 B 2020"]
[Site "chess.com INT"]
[Date "2020.08.02"]
[Round "7.1"]
[Board "6"]
[White "Horn, Lure"]
[Black "Nakanyike, Maria"]
[Result "1/2-1/2"]
[BlackTitle "WCM"]
[WhiteElo "1116"]
[BlackElo "1426"]
[WhiteTeam "Namibia"]
[BlackTeam "Uganda"]
[WhiteFideId "15200728"]
[BlackFideId "10004386"]
[EventDate "2020.07.31"]
[EventType "team"]

1. e4 e6 2. Nf3 d5 3. exd5 Qxd5 4. Nc3 Qd8 5. d4 Nf6 6. Bc4 Be7 7. O-O O-O 8.
Re1 Nbd7 9. Bg5 h6 10. Bh4 c6 11. Qd3 b5 12. Bb3 a5 13. a3 a4 14. Ba2 Bb7 15.
Rad1 Re8 16. Ne4 Nxe4 17. Bxe7 Nxf2 18. Kxf2 Qxe7 19. Bb1 Nf6 20. c3 g6 21. Rf1
Rad8 22. Ne5 c5 23. Qe3 Kg7 24. dxc5 Nd5 25. Qg3 Qxc5+ 26. Ke1 Qe3+ 27. Qxe3
Nxe3 28. Rxf7+ Kg8 29. Rxd8 Rxd8 30. Ke2 Nxg2 31. Rxb7 Nf4+ 32. Kf3 Rf8 33. Kg4
g5 34. Bh7+ Kh8 35. Ng6+ Nxg6 36. Bxg6 Kg8 37. Kg3 e5 38. Rxb5 Kg7 39. Be4 Kf6
40. Kg4 Ke6 41. Rb6+ Kd7 42. Rxh6 Rf4+ 43. Kxg5 Rxe4 44. Rh7+ Ke6 45. Rh6+ Kd5
46. Rh8 1/2-1/2

[Event "Online Olym Div4 B 2020"]
[Site "chess.com INT"]
[Date "2020.08.02"]
[Round "7.2"]
[Board "1"]
[White "Borg, Geoffrey"]
[Black "Nezad, Husein Aziz"]
[Result "1/2-1/2"]
[WhiteTitle "FM"]
[BlackTitle "IM"]
[WhiteElo "2367"]
[BlackElo "2386"]
[WhiteTeam "Malta"]
[BlackTeam "Qatar"]
[WhiteFideId "5600014"]
[BlackFideId "12100293"]
[EventDate "2020.07.31"]
[EventType "team"]

1. d4 d5 2. c4 e6 3. Nf3 Nf6 4. g3 Bb4+ 5. Bd2 Be7 6. Bg2 O-O 7. O-O c6 8. Qc2
Nbd7 9. Bf4 b6 10. Nbd2 Bb7 11. Rfd1 c5 12. dxc5 Bxc5 13. Nb3 Be7 14. cxd5 Bxd5
15. Ne5 Nxe5 16. Bxe5 Qc8 17. Qxc8 Rfxc8 18. Bxd5 Nxd5 19. Rac1 f6 20. Bd4 Kf7
21. a3 Bf8 22. Kf1 h5 23. e4 Ne7 24. Rxc8 Rxc8 25. Rc1 Rxc1+ 26. Nxc1 Nc6 27.
Bc3 b5 28. Nd3 e5 29. f4 exf4 30. gxf4 Bd6 31. Kg2 g5 32. e5 fxe5 33. fxg5 Kg6
34. h4 Kf5 35. Bb4 Bxb4 36. Nxb4 Ne7 37. Kf3 Ng6 38. Kg3 e4 39. Nc6 a6 40. Nb4
Ke5 41. Nxa6 e3 42. Nb4 Ke4 43. b3 Kd4 44. a4 bxa4 45. bxa4 e2 46. Kf2 Nxh4 47.
Kxe2 Ng6 1/2-1/2

[Event "Online Olym Div4 B 2020"]
[Site "chess.com INT"]
[Date "2020.08.02"]
[Round "7.2"]
[Board "3"]
[White "Caruana Pulpan, Oana"]
[Black "Rawda Mansour AlQassabi"]
[Result "1-0"]
[WhiteTitle "WFM"]
[WhiteElo "1901"]
[BlackElo "1049"]
[WhiteTeam "Malta"]
[BlackTeam "Qatar"]
[WhiteFideId "5600502"]
[BlackFideId "12102040"]
[EventDate "2020.07.31"]
[EventType "team"]

1. d4 Nf6 2. Nf3 g6 3. g3 Bg7 4. Bg2 O-O 5. O-O d6 6. c4 Nbd7 7. Nc3 e5 8. e4
Qe7 9. Re1 c6 10. b3 Ne8 11. d5 c5 12. Bg5 f6 13. Be3 f5 14. Bg5 Ndf6 15. Qd2 a6
16. exf5 Bxf5 17. Nh4 Qd7 18. Rac1 Bh3 19. f3 Bxg2 20. Nxg2 Qf7 21. Rf1 Qd7 22.
a4 Nc7 23. a5 Rae8 24. Rce1 Qf5 25. Bxf6 Qxf6 26. Ne4 Qe7 27. Qg5 Qd7 28. Ne3
Rd8 29. h4 Ne8 30. Kg2 Nf6 31. Ng4 Nxg4 32. fxg4 Rxf1 33. Rxf1 Rf8 34. Rxf8+
Bxf8 35. Nf6+ Kh8 36. Nxd7 Bg7 37. h5 h6 38. Qxg6 b6 39. axb6 Bf6 40. Nf8 a5 41.
Qh7# 1-0

[Event "Online Olym Div4 B 2020"]
[Site "chess.com INT"]
[Date "2020.08.02"]
[Round "7.2"]
[Board "4"]
[White "Al-Khelaifi, Aisha"]
[Black "Mazkevich, Elena"]
[Result "1-0"]
[WhiteTitle "WCM"]
[WhiteElo "1678"]
[BlackElo "1686"]
[WhiteTeam "Qatar"]
[BlackTeam "Malta"]
[WhiteFideId "12100625"]
[BlackFideId "5603315"]
[EventDate "2020.07.31"]
[EventType "team"]

1. e4 c5 2. Nf3 Nc6 3. Bb5 Qc7 4. Bxc6 Qxc6 5. d3 d6 6. O-O h6 7. h3 Nf6 8. Nc3
b5 9. Qe2 b4 10. Nd1 a5 11. d4 Ba6 12. Qe3 Bxf1 13. Kxf1 Qxe4 14. Qb3 Qc6 15.
dxc5 dxc5 16. Kg1 c4 17. Qe3 e6 18. Ne5 Qd5 19. Qe2 Rd8 20. Bf4 Bd6 21. Bg3 Bxe5
22. Bxe5 Qe4 23. Qxe4 Nxe4 24. Bc7 Ra8 25. Ne3 c3 26. bxc3 Nxc3 27. Nc4 O-O 28.
Be5 f6 29. Bxc3 bxc3 30. Nb6 Rfd8 31. Nxa8 Rxa8 32. Rb1 Kf7 33. Rb5 a4 34. Rc5
e5 35. Rxc3 a3 36. Rc6 g5 37. Kf1 h5 38. Ke2 f5 39. Rh6 h4 40. Rc6 e4 41. c4 f4
42. c5 Rb8 43. Rb6 Rc8 44. c6 Ke7 45. Ra6 Rb8 46. Ra7+ Kd6 47. c7 Rc8 48. Rxa3
Rxc7 49. Kd2 Rc5 50. Ra4 Kd5 51. Rb4 e3+ 52. fxe3 fxe3+ 53. Kxe3 Rc3+ 54. Kf2
Rc2+ 55. Kf3 Rxa2 56. Rb5+ Ke6 57. Rxg5 Kf6 58. Rh5 Ra4 59. Rh8 Kg5 60. Rg8+ Kh5
61. Rh8+ Kg5 62. Re8 Rf4+ 63. Ke3 Rb4 64. Re5+ Kg6 65. Re4 Rb2 66. Kf3 Rb3+ 67.
Re3 Rb4 68. Re4 Rb3+ 69. Kg4 Rg3+ 70. Kxh4 Rxg2 71. Rg4+ Rxg4+ 72. hxg4 Kh6 73.
g5+ Kg6 74. Kg4 Kh7 75. Kf5 Kg7 76. g6 Kh8 77. Kf6 Kg8 78. g7 Kh7 79. Kf7 1-0

[Event "Online Olym Div4 B 2020"]
[Site "chess.com INT"]
[Date "2020.08.02"]
[Round "7.2"]
[Board "5"]
[White "Mizzi, Jack"]
[Black "Abdulla Mohammed Al-Homaid"]
[Result "1-0"]
[WhiteElo "1911"]
[BlackElo "1301"]
[WhiteTeam "Malta"]
[BlackTeam "Qatar"]
[WhiteFideId "5602521"]
[BlackFideId "12102016"]
[EventDate "2020.07.31"]
[EventType "team"]

1. d4 d5 2. c4 e6 3. Nf3 Nf6 4. g3 Be7 5. Bg2 O-O 6. O-O Nbd7 7. Nbd2 b6 8. b3
Bb7 9. Bb2 c5 10. Rc1 Rc8 11. Re1 h6 12. Qc2 Re8 13. Qb1 Bf8 14. Qa1 Qe7 15. a3
Nh7 16. e4 dxe4 17. Nxe4 Ndf6 18. Nxf6+ Nxf6 19. d5 Qd8 20. dxe6 Rxe6 21. Rxe6
fxe6 22. Re1 Rc6 23. Ne5 Rc7 24. Bh3 Be4 25. Bxe6+ Kh8 26. Nf7+ Rxf7 27. Bxf7
Qd7 28. Bxf6 Qxf7 29. Rxe4 gxf6 30. Qe1 Qg6 31. Re8 Kg7 32. Ra8 Qd3 33. Rxa7+
Kg8 34. Qe6+ Kh8 35. Qxf6+ Kg8 36. Qf7+ Kh8 37. Qxf8# 1-0

[Event "Online Olym Div4 B 2020"]
[Site "chess.com INT"]
[Date "2020.08.02"]
[Round "7.2"]
[Board "6"]
[White "Layan Mansour AlQassabi"]
[Black "Stagno, Milena"]
[Result "0-1"]
[WhiteElo "1167"]
[BlackElo "1486"]
[WhiteTeam "Qatar"]
[BlackTeam "Malta"]
[WhiteFideId "12102059"]
[BlackFideId "5602289"]
[EventDate "2020.07.31"]
[EventType "team"]

1. e4 c5 2. Nc3 Nc6 3. f4 g6 4. Nf3 Bg7 5. g3 d6 6. Bg2 Nf6 7. d3 O-O 8. O-O e6
9. Bd2 d5 10. e5 Nd7 11. Qe2 Nb6 12. Nb5 Bd7 13. Nd6 Nc8 14. Nxb7 Qc7 15. Nxc5
N8e7 16. Nxd7 Qxd7 17. d4 Qb7 18. Bc3 Nf5 19. Rad1 Qb6 20. a4 a5 21. Rfe1 Rfc8
22. Bf1 Rab8 23. Qb5 Qa7 24. Qa6 Qc7 25. Qe2 Nb4 26. Ra1 Qa7 27. Qd2 Bf8 28.
Bxb4 axb4 29. a5 Rc6 30. a6 Rbc8 31. Rec1 Kg7 32. Bb5 R6c7 33. Be2 Rc6 34. Bf1
R6c7 35. b3 Rc3 36. Ra2 Rxf3 37. Bg2 Rfc3 38. Rca1 Nxd4 39. Ra4 Nxb3+ 40. Qf2
Qxf2+ 41. Kxf2 Rxc2+ 42. Kg1 Nxa1 43. Rxa1 Ra8 44. a7 b3 45. Bf1 b2 46. Rb1 Rxa7
47. Bd3 Rc1+ 48. Kf2 Rxb1 49. Bxb1 Ra1 50. Bc2 b1=Q 51. Bxb1 Rxb1 52. Ke2 Rb2+
53. Kf3 Rxh2 54. Kg4 d4 55. Kf3 d3 56. Kg4 d2 57. Kf3 d1=Q+ 58. Ke4 Qd5+ 59. Ke3
Rd2 60. g4 Qd3# 0-1